000
00248nam a22001097a 4500
999
_c
12534
_d
12534
020
_a
978-0273737193
082
_a
150.5
100
_a
Mercer, Jenny
245
_a
Psychology Express: Social Psychology
260
_a
India
_b
Pearson
_c
2014
942
_c
BK